000 00484nam a2200181Ia 4500
001 15626
005 20260306170210.0
008 260306t1993||||xx |||||||||||||| ||und||
041 _aESP
082 _a551.48
_bM26
100 _aMarco, J. B.
_eAUT
245 0 _aStochastic hydrology and its use in water resources systems simulation and optimization
260 _c1993
300 _aviii, 483 páginas :
_c24 cm.
650 _aGEN
654 _aCCN
942 _cLIB
_dJUS
_fJUS
_2ddc
_n
999 _c15626
_d15626